<?xml version="1.0" encoding="UTF-8"?>
<record
    xmlns:xsi="http://www.w3.org/2001/XMLSchema-instance"
    xsi:schemaLocation="http://www.loc.gov/MARC21/slim http://www.loc.gov/standards/marcxml/schema/MARC21slim.xsd"
    xmlns="http://www.loc.gov/MARC21/slim">

  <leader>02868cam a2200301 a 4500</leader>
  <controlfield tag="001">13564</controlfield>
  <controlfield tag="003">BD-RjUL</controlfield>
  <controlfield tag="005">20211208235455.0</controlfield>
  <controlfield tag="008">140201s2010    njua     b    001 0 eng</controlfield>
  <datafield tag="020" ind1=" " ind2=" ">
    <subfield code="a">9780470601761 (cloth)</subfield>
  </datafield>
  <datafield tag="020" ind1=" " ind2=" ">
    <subfield code="a">0470601760 (cloth)</subfield>
  </datafield>
  <datafield tag="035" ind1=" " ind2=" ">
    <subfield code="a">(BD-RjUL)13616</subfield>
  </datafield>
  <datafield tag="040" ind1=" " ind2=" ">
    <subfield code="a">DLC</subfield>
    <subfield code="c">DLC</subfield>
    <subfield code="d">UKM</subfield>
    <subfield code="d">YDXCP</subfield>
    <subfield code="d">C#P</subfield>
    <subfield code="d">CDX</subfield>
    <subfield code="d">NLGGC</subfield>
    <subfield code="d">QQ3</subfield>
    <subfield code="d">DLC</subfield>
    <subfield code="d">BD-RjUL</subfield>
    <subfield code="b">eng</subfield>
  </datafield>
  <datafield tag="041" ind1=" " ind2=" ">
    <subfield code="a">eng</subfield>
  </datafield>
  <datafield tag="082" ind1="0" ind2="0">
    <subfield code="a">658.8</subfield>
    <subfield code="2">22</subfield>
    <subfield code="b">KUA 2010</subfield>
  </datafield>
  <datafield tag="084" ind1=" " ind2=" ">
    <subfield code="a">85.40</subfield>
    <subfield code="2">bcl</subfield>
  </datafield>
  <datafield tag="100" ind1="1" ind2=" ">
    <subfield code="a">Kuzmeski, Maribeth.</subfield>
    <subfield code="9">42398</subfield>
  </datafield>
  <datafield tag="245" ind1="1" ind2="0">
    <subfield code="a">--And the clients went wild! :</subfield>
    <subfield code="b">how savvy professionals win all the business they want /</subfield>
    <subfield code="c">Maribeth Kuzmeski.</subfield>
  </datafield>
  <datafield tag="260" ind1=" " ind2=" ">
    <subfield code="a">Hoboken, N.J. :</subfield>
    <subfield code="b">Wiley,</subfield>
    <subfield code="c">c2010.</subfield>
  </datafield>
  <datafield tag="300" ind1=" " ind2=" ">
    <subfield code="a">xvii, 270 p. :</subfield>
    <subfield code="b">ill. ;</subfield>
    <subfield code="c">24 cm.</subfield>
  </datafield>
  <datafield tag="504" ind1=" " ind2=" ">
    <subfield code="a">Includes bibliographical references and index.</subfield>
  </datafield>
  <datafield tag="505" ind1="0" ind2=" ">
    <subfield code="a">Introduction -- Executive summary : The 5 core principles for turning clients and prospects into raving fans -- First principle : What are you doing that no one else is doing? : build client delight through your differentiation -- Second principle : Focus your marketing on benefits, results and a call to action : what's really in it for them -- Third principle : Go viral! Create memorable impactful messaging worthy of a pass-along -- Fourth principle : Leverage your business network for incremental growth : find and cultivate centers of influence to move your message fast -- Fifth principle : The critical importance of execution in your game plan : good execution is better than good strategy -- Create a playbook that fits your business and your personality : design your own marketing action plan -- Build a brand identity on a shoestring budget : spending time effectively can be worth more than money -- Find your niche : corner the market one segment at a time! -- Techniques for creating a memorable experience : give 'em something to talk about! -- Your best prospects come from referrals : scripts and strategies for increasing your introductions to others -- My website is working! : turn a bland site and your Internet presence into a moneymaker -- Social media : effective strategies that don't consume all of your time -- Permission-based marketing : strategies for successful email and e-newsletters -- Traditional marketing still works : TV and cable advertising, newspaper, and other mediums that still cause people to buy -- Direct mail : simple principles for gaining sales from good old-fashioned mail -- Events and seminars : creating buzz and sales through group presentations -- Media methods to gain celebrity status : take advantage of hot topics, timely events, and unique twists to attract attention -- Special tactics for financial advisors : ten specific strategies working today.</subfield>
  </datafield>
  <datafield tag="650" ind1=" " ind2="0">
    <subfield code="a">Customer services.</subfield>
    <subfield code="9">8070</subfield>
  </datafield>
  <datafield tag="650" ind1=" " ind2="0">
    <subfield code="a">Success in business.</subfield>
    <subfield code="9">42064</subfield>
  </datafield>
  <datafield tag="942" ind1=" " ind2=" ">
    <subfield code="2">ddc</subfield>
    <subfield code="c">BK</subfield>
  </datafield>
  <datafield tag="999" ind1=" " ind2=" ">
    <subfield code="c">13564</subfield>
    <subfield code="d">13564</subfield>
  </datafield>
  <datafield tag="952" ind1=" " ind2=" ">
    <subfield code="0">0</subfield>
    <subfield code="1">0</subfield>
    <subfield code="2">ddc</subfield>
    <subfield code="4">0</subfield>
    <subfield code="7">1</subfield>
    <subfield code="8">NFIC</subfield>
    <subfield code="a">RUCL</subfield>
    <subfield code="b">RUCL</subfield>
    <subfield code="c">Reading</subfield>
    <subfield code="d">2013-09-26</subfield>
    <subfield code="e">Dhaka, Asia foundation</subfield>
    <subfield code="g">49.59</subfield>
    <subfield code="l">0</subfield>
    <subfield code="o">658.8 KUA 2010</subfield>
    <subfield code="r">2014-02-01 00:00:00</subfield>
    <subfield code="t">C-1</subfield>
    <subfield code="w">2014-02-01</subfield>
    <subfield code="y">BK</subfield>
  </datafield>
  <datafield tag="952" ind1=" " ind2=" ">
    <subfield code="0">0</subfield>
    <subfield code="1">0</subfield>
    <subfield code="2">ddc</subfield>
    <subfield code="4">0</subfield>
    <subfield code="7">0</subfield>
    <subfield code="8">NFIC</subfield>
    <subfield code="a">RUCL</subfield>
    <subfield code="b">RUCL</subfield>
    <subfield code="c">Stack</subfield>
    <subfield code="d">2013-09-26</subfield>
    <subfield code="e">Dhaka, Asia foundation</subfield>
    <subfield code="g">49.59</subfield>
    <subfield code="l">0</subfield>
    <subfield code="o">658.8 KUA 2010</subfield>
    <subfield code="r">2014-02-01 00:00:00</subfield>
    <subfield code="t">C-2</subfield>
    <subfield code="w">2014-02-01</subfield>
    <subfield code="y">BK</subfield>
  </datafield>
</record>
